000 00394nam a2200157Ia 4500
008 230917s9999||||xx |||||||||||||| ||und||
040 _e24477
_aMAIN
041 _aEnglish
082 _a152 L579I
100 _aLevinthal, Charles F
245 0 _aIntroduction to physiological psychology
250 _a3rd ed.
260 _aNew Jersey
_bPrentice-Hall
_c1990
300 _a522 p.
942 _cBK
999 _c76107
_d76107